Wealth effects on money demand in EMU: econometric evidence

Salvato in:
Dettagli Bibliografici
Autore principale: Boone, Laurence
Altri autori: Mikol, Fanny, Noord, Paul van den
Natura: Libro
Lingua:inglese
Pubblicazione: Paris OECD 2004
Serie:Economics department working papers No. 411
Soggetti:
Tags: Aggiungi Tag
Nessun Tag, puoi essere il primo ad aggiungerne!!

MARC

LEADER 00000nam a2200000 4500
001 0024815
005 20240223110528.9
041 0 |a eng 
044 |a FR 
245 1 0 |a Wealth effects on money demand in EMU: econometric evidence  |c by Laurence Boone, Fanny Mikol and Paul van den Noord 
264 1 |a Paris  |b OECD  |c 2004 
300 |a 19 s. 
490 1 |a Economics department working papers  |v No. 411 
830 0 |a Economics department working papers  |v No. 411 
610 2 0 |a únie menové 
610 2 0 |a Európska menová únia 
610 2 0 |a peniaze 
610 2 0 |a dopyt 
610 2 0 |a miera úroková 
610 2 0 |a analýza ekonometrická 
100 1 |a Boone, Laurence 
700 1 |a Mikol, Fanny 
700 1 |a Noord, Paul van den